00673nam a2200217Ia 4500003000900000008004100009040001300050040001300063041000800076100002100084245007000105250001100175260001500186260000900201300001100210300001000221490000600231942000700237999001700244952019400261IT-RoPAU120407s9999 xx 000 0 und d aIT-RoPAU cIT-RoPAU aita aGiovanni Fallani aIl “dokita” Clemente Maino e i suoi fratelli di Sangmélima. aNapoli aNapoletana c1981 a102 p. c21 cm v1 cBK c24057d24057 00102ddc406922_10000000000000071aPAULUSbPAULUSd2012-04-11l0o922.1r2012-04-11 00:00:00w2012-04-11yBKzInserito da: Jole In data: 22 luglio 2011 fondo: Via A.Severo 56 Progr:11758